Регионална библиотека "Любен Каравелов" - Русе

Кучето детектив (Запис номер 417469)

MARC детайли
000 -Лидер
Контролно поле с фиксирана дължина 01014nam a2200265 a 4500
003 - Код на организацията, давaща контролен номер
Контролно поле BLK
005 - Дата и час на последна редакция
Контролно поле 20250726133633.0
008 - Елементи от данни с фиксирана дължина
fixed length control field 210602b bul|||||r ||||||| ||bul||
020 ## - Международен стандартен номер на книга ISBN
Международен стандартен номер на книга ISBN 9786191865765
040 ## - Източник на каталожния запис
Идентификатор на билиотеката - собственик на записа BLK
041 ## - Код за език
Код за езика на текст/звукозапис или на отделно заглавие Български
Код за езика КДБФ Български
080 ## - УДК
Текстов определител УДК Английска литература
УДК код - определител по УДК 821.111
УДК определител -93-1
УДК - код + определител 821.111-93-1
100 1# - Редна дума - Автор
Автор Доналдсън, Джулия
Авторска отговорност първи автор
R(LIN) 386662
139 ## - Редно поле
Редна дума Доналдсън, Джулия
Авторски знак Дон - Д 77
245 10 - Сведения за заглавието
Заглавие Кучето детектив
Редно поле (дума) Джулия Доналдсън; ил. Сара Огилви; прев. Мария Донева
257 ## - Страна на издаване
Страна на създаване/издаване Великобритания
260 ## - Област на издателските данни
Име на издателя, разпространителя и проч. Жанет 45
Година на издаване 2020
Място на издаване, разпространение и проч. Пловдив
300 ## - Физическа характеристика
Страници 32 с.
Илюстрации и др. с цв. ил.
Размери/Мащаб 26Х29 см
380 ## - Жанр
Жанр Детска худож. лит.
700 ## - Други автори (авторска отговорност)
Лично име Огилви, Сара
Автороска отговорност (Описва отношението между автора и произведението) ил.
9 (RLIN) 456169
700 ## - Други автори (авторска отговорност)
Лично име Донева, Мария Вичева
Автороска отговорност (Описва отношението между автора и произведението) прев. от англ.
9 (RLIN) 276983
852 ## - Местоположение
Форматна сигнатура Цб ІІ 29958
999 ## - СИСТЕМНИ КОНТРОЛНИ НОМЕРА
Koha biblionumber 417469
Koha biblioitemnumber 417469
942 ## - АРТИКУЛИ
Вид на библиотечния материал Книги
Скрит в OPAC Не
Koha issues (borrowed), all copies 165
Периодичен библиозапис Да
944 ## - СЪЗДАВАНЕ И РЕДАКЦИЯ на ЗАПИСА
Създаване/Редакция Създаване
Дата на регистрацията/редакция 2021-06-02
Служител, извършил регистрацията/редакцията 30570
Статус, дата на статуса Моника Янева
Наличности
Код за отписване Код за изгубен артикул Източник на класификационната схема Код за повреда Коз за рестрикции Код за отдаване Артикулен № Име на библиотеката - собственик Име на библиотеката, в която се намира в момента Статус (Текущо местоположение) Дата на вписване в системата Местоположение - отдел Цена в лева Систематично азбучна сигнатура Баркод Цена в евро Служебен тип на артикула
  Не е изгубен Universal Decimal Classification Не е повреден само за читалня ползва се в читалня 834407 Регионална библиотека "Любен Каравелов" Русе Регионална библиотека "Любен Каравелов" Русе Хранилище 2021-06-03 Хранилище 18.00 Цб ІІ 29958 120000855420 9.20 Книги
  Не е изгубен Universal Decimal Classification Не е повреден без рестрикции заемане за дома 860019 Регионална библиотека "Любен Каравелов" Русе Регионална библиотека "Любен Каравелов" Русе Детски отдел 2021-11-03 Детски отдел 13.50 821-93/Д 77 Д 120000861846 6.90 Книги
  Не е изгубен Universal Decimal Classification Не е повреден без рестрикции заемане за дома 860020 Регионална библиотека "Любен Каравелов" Русе Регионална библиотека "Любен Каравелов" Русе Детски отдел 2021-11-03 Детски отдел 13.50 821-93/Д 77 Д 120000861845 6.90 Книги
  Не е изгубен Universal Decimal Classification Не е повреден без рестрикции заемане за дома 860021 Регионална библиотека "Любен Каравелов" Русе Регионална библиотека "Любен Каравелов" Русе Детски отдел 2021-11-03 Детски отдел 13.50 821-93/Д 77 Д 120000861844 6.90 Книги
Vip Innovations Ltd, Rousse, Bulgaria 2025